000 00765cam a22001931 4500
001 000019863
005 20200929170152.0
008 750115s1966 ve 000 0 spa
040 _aDO-SdBNP
_bspa
_cBNPHU
100 1 _aRomero Garcia, Manuel Vicente,
_d1865-1917.
_925524
245 1 0 _aManuel Vicente Romero Garcia /
_cManuel Vicente Romero Garcia ; Estudio preliminar de Efrain Subero.
260 _aCaracas,Venezuela :
_bItalgrafica,
_c1966.
300 _alv, 375 p. ;
_c23 cm.
490 1 _aClasicos venezolanos
_v13
505 0 _tPeonia --
_tMarcelo --
_tMi general --
_tProsa dispersa --
_tCredo --
_tAcuarelas --
_tEpistolario
700 1 _aSubero, Efrain,
_d1931-
_eed.
_98785
830 0 _aClasicos venezolanos
_v13.
_940046
910 _aCatalogación derivada / LC
999 _c19376
_d19376